Analýza zlepšovania manažérstva kvality v BOGE Elastmetall Slovakia, a.s.

Gespeichert in:
Bibliographische Detailangaben
1. Verfasser: Rašková, Simona (Verfasst von)
Weitere Verfasser: Pauliková, Alena (Betreuung Doktorarbeit)
Format: Manuskript Buch
Sprache:Slowakisch
Veröffentlicht: 2018
Schlagworte:
Online-Zugang:http://is.stuba.sk/zp/portal_zp.pl?podrobnosti=137648
Tags: Tag hinzufügen
Keine Tags, Fügen Sie das erste Tag hinzu!

MARC

LEADER 00000ntm a22000003a 4500
001 stuzp68703
003 SK-STU
005 20180820160605.0
007 ta
008 150427s2015----xo-----f-mn---000-0-slo-d
040 |a STU  |b slo 
041 0 |a slo 
100 1 |a Rašková, Simona  |u 064000  |4 aut  |U MTF Materiálovotechnologická fakulta  |T MTF Ústav priemyselného inžinierstva a manažmentu  |X 80312  |U M4000  |Y 84  |7 80312 
242 0 1 |a Quality Management Improvement Analysis at BOGE Elastmetall Slovakia, a.s.  |y eng 
245 1 0 |a Analýza zlepšovania manažérstva kvality v BOGE Elastmetall Slovakia, a.s. 
260 |c 2018 
650 4 |a návrhy zlepšenia  |2 slo 
650 4 |a nástroje a metódy  |2 slo 
650 4 |a normy ISO STN  |2 slo 
650 4 |a manažérstvo kvality  |2 slo 
650 4 |a kvalita  |2 slo 
650 4 |a procesy výroby  |2 slo 
650 4 |a suggestions for improvement  |2 eng 
650 4 |a tools and methods  |2 eng 
650 4 |a quality  |2 eng 
650 4 |a ISO STN standards  |2 eng 
650 4 |a Quality Management  |2 eng 
650 4 |a production processes  |2 eng 
700 1 |a Pauliková, Alena  |u 064000  |k Z1  |4 ths  |U MTF Materiálovotechnologická fakulta  |T MTF Ústav priemyselného inžinierstva a manažmentu  |X 77968  |U M4000  |Y 84  |7 77968 
856 4 |u http://is.stuba.sk/zp/portal_zp.pl?podrobnosti=137648 
996 |c M* BP-8452  |l MMSKP  |s P  |a 0  |w stuzp68703_0001